| 000 | 00776cab a2200265 4500 | ||
|---|---|---|---|
| 001 | ABS49709 | ||
| 008 | 090401t1993 xxu||||| |||| 00| 0 eng d | ||
| 035 | _a(Sirsi) u72450 | ||
| 041 | _aeng | ||
| 100 | _aBrown, P. | ||
| 245 | 4 | _aThe residual method of valuation | |
| 260 | _c1993 | ||
| 350 | _a0 | ||
| 490 |
_aIRRV Journal _vNovember 1993, 274-275(2) |
||
| 520 | _aExamines the techniques used for development appraisal purposes, particularly the residual method of valuation. | ||
| 650 | _aDISCOUNTED CASH FLOW | ||
| 650 | _aGROSS DEVELOPMENT VALUE | ||
| 650 | _aGROSS INTERNAL AREA | ||
| 650 | _aNET INTERNAL AREA | ||
| 650 | _aRESIDUAL VALUATION | ||
| 650 | _aVALUATION METHODS | ||
| 690 | _aRATING AND VALUATION | ||
| 942 | _n0 | ||
| 948 | _c04/03/1997 | ||
| 999 |
_c45781 _d45781 |
||